000 00427nam a2200169Ia 4500
005 20250405131001.0
008 240331s9999 xx 000 0 und d
082 _bSUN
_a894
100 _aSundararajan, P.G
245 0 _aTamilil sirukathaikal :
_bvaralarum valarchiyum
260 _aMadras
_bCre-A
_c1989
300 _a368 p .,
500 _a
650 _aShort Stories Vilakam
650 _aSirukadhai history
942 _cL
999 _c4173
_d4173